| 000 | 00765nam a2200241 a 4500 | ||
|---|---|---|---|
| 001 | 63082 | ||
| 003 | BD-RjUL | ||
| 005 | 20211209081146.0 | ||
| 008 | 170128s2005 ii ||||| |||| 00| 0 ben d | ||
| 020 |
_a8187624205 _c: Tk.50.00 |
||
| 035 | _a(BD-RjUL)63210 | ||
| 040 |
_aBD-RjUL _bben _cBD-RjUL _dBD-RjUL |
||
| 041 | _aben | ||
| 082 |
_223 _a792 _bDUB 2005 |
||
| 100 |
_aদত্ত, উৎপল _9170412 |
||
| 245 | 1 | 0 |
_aবিষয় থিয়েটার / _cউৎপল দত্ত |
| 250 | _a২য় সং. | ||
| 260 |
_aকলকাতা : _bনাট্যচিন্তা, _c২০০৫ |
||
| 300 |
_a৮০ পৃ. ; _c২০ সেমি. |
||
| 650 |
_aথিয়েটার _9182715 |
||
| 650 |
_aTheater _9187647 |
||
| 942 |
_2ddc _cBK |
||
| 999 |
_c63082 _d63082 |
||